| Tag |
First Indicator |
Second Indicator |
Subfields |
| LEADER |
00000cam a22000001 4500 |
| 001 |
in00000099889 |
| 005 |
20150926125633.0 |
| 008 |
731207s1967 inua 00010 eng |
| 010 |
|
|
|a 67029375
|
| 035 |
|
|
|a (OCoLC)00885734
|
| 035 |
|
|
|9 AAL4052AM
|
| 040 |
|
|
|a DLC
|c DLC
|d TXA
|d UtOrBLW
|
| 049 |
|
|
|a TXAM
|c [801634]
|
| 050 |
0 |
0 |
|a TK6653
|b .M443
|
| 082 |
0 |
|
|a 621.381/54
|
| 100 |
1 |
|
|a Middleton, Robert Gordon,
|d 1908-
|
| 245 |
1 |
0 |
|a Know your sweep generators /
|c by Robert G. Middleton.
|
| 250 |
|
|
|a [1st ed.].
|
| 264 |
|
1 |
|a Indianapolis :
|b H. W. Sams,
|c [1967]
|
| 300 |
|
|
|a 175 pages :
|b illustrations ;
|c 22 cm.
|
| 336 |
|
|
|a text
|b txt
|2 rdacontent
|
| 337 |
|
|
|a unmediated
|b n
|2 rdamedia
|
| 338 |
|
|
|a volume
|b nc
|2 rdacarrier
|
| 490 |
0 |
|
|a A Howard W. Sams photofact publication, 20593
|
| 650 |
|
0 |
|a Television
|x Receivers and reception
|x Testing.
|
| 650 |
|
0 |
|a Radio frequency modulation.
|
| 999 |
|
|
|a MARS
|
| 999 |
f |
f |
|s 358ce2ab-a8d0-331f-956b-16e23ff6de7a
|i 2b5c59ee-5c04-365b-962c-3723f68ceac7
|t 0
|
| 952 |
f |
f |
|p ric
|a Texas A&M University
|b Rellis Campus
|c Joint Library Facility
|d Remote Storage
|t 0
|e TK6653 .M443
|h Library of Congress classification
|i unmediated -- volume
|m A14805491724
|
| 998 |
f |
f |
|a TK6653 .M443
|t 0
|l Remote Storage
|